NBA Top 10 Wasted Career Players All-Time - Statistics

General Stats
  • This quiz has been taken 286 times
  • The average score is 4 of 12
Answer Stats
Player % Correct
Derrick Rose
72%
Tracy McGrady
48%
Grant Hill
38%
Brandon Roy
37%
Yao Ming
37%
Penny Hardaway
30%
Bill Walton
26%
Larry Johnson
26%
Gilbert Arenas
24%
Dražen Petrović
15%
Pete Maravich
15%
Reggie Lewis
11%
No matching quizzes found
Score Distribution
Percent of People with Each Score
Percentile by Number Answered
Your Score History
You have not taken this quiz